MDQL
is popping MORE tags! Check the
thread
!
Quizzes
Events
Quiz Creation
Community
Videos
Private Events
Remove Ads
Sign In
Join for FREE
Feedback
Dark Mode
Quiz Categories
Sports
Geography
Music
Movies
Television
Just For Fun
Miscellaneous
History
Literature
Language
Science
Gaming
Entertainment
Religion
Holiday
For Kids
Quiz Lab
Recent
Popular Today
Quiz Kudos Today
Editor Picks
Curator Picks
Quizzes by...
Day
Popularity
Type
Ratings
Length
Year
Community
Subscriptions
Recent Discussions
Orange Saloon
Badges
Playlists
Quests
Create
Leaderboards
Showdown
Live 5
Trivia Bingo
Activity
Puzzle Library
Sporcle Events
Private Events
Virtual Trivia
Globe League
Become a Host
Pub Owners
SporcleCon
Opinionation
Our Games
Videos
Blog
Mobile Apps
Partnerships
Remove Ads and Go Orange
Feedback
Gaming
Video Games
Board Games
Card Games
Pokémon
Mario
Nintendo
Minecraft
Console
Toys
Legend of Zelda
Gaming
Video Games
Board Games
Card Games
Pokémon
Mario
Nintendo
Minecraft
Console
Toys
Legend of Zelda
Random Quiz
Search Sporcle
×
Quiz Lab
Quiz Lab
Gaming
scroll
Type in answers that appear in a list
Type in answers that appear in a list
Classic
Best Score? Go Orange.
Ultimate Elder Scrolls Oblivion Quiz Stats
Can you name the things in Elder Scrolls IV Oblivion?
By
MattHazard
13m
118 Questions
7,173 Plays
7,173 Plays
7,173 Plays
Comments
Comments
Give Quiz Kudos
Give Quiz Kudos
-
- Ratings
hide this ad
Replay
Link that replays current quiz
Next Quiz
Link to next quiz in quiz playlist
You Got
0%
They Got
Avg Score
55%
Avg Friend Score
Upgrade to see
Score Distribution
Jump to the score distribution portion of the page
Score
0/118
Timer
13:00
2
Plays Today
% Correct
Imperial
92.5%
Imp
89.3%
Dark Elf
89.3%
High Elf
88.3%
Imperial City
88%
Argonian
87.5%
Wood Elf
87.4%
Nord
87.1%
Redguard
84.5%
Strength
84.4%
Orc
84.2%
Bruma
84%
Anvil
83.5%
Breton
83.3%
Kvatch
80.1%
Khajiit
80%
Bravil
78.3%
Mage
77.5%
Destruction
77.4%
Blade
77.1%
Cheydinhal
76.7%
Warrior
76.3%
Blunt
76%
Thief
75.8%
Chorrol
75%
Skingrad
74.5%
Sneak
74.1%
Intelligence
73.7%
Luck
73.2%
Agility
72.3%
Illusion
70.9%
Endurance
70.7%
Leyawiin
70.3%
Acrobatics
70.1%
Alteration
69.8%
Speed
69.7%
Block
69.5%
Tower
69.2%
Zombie
67.9%
Conjuration
67.8%
% Correct
Heavy Armor
67.4%
Light Armor
67.2%
Sheogorath
66.9%
Athletics
66.8%
Restoration
65.5%
Willpower
65.4%
Atronach
65.3%
Alchemy
65.2%
Lady
63.8%
Azura
63.7%
Talos/Tiber Septim
63.3%
Mysticism
62.7%
Marksman
61.6%
Skeleton
61.1%
Akatosh
60.8%
Steed
60.3%
Serpent
58.7%
Mehrunes Dagon
58.1%
Lover
56.8%
Personality
56.1%
Lord
55.5%
Molag Bal
55%
Speechcraft
53.9%
Mara
53.7%
Security
53.4%
Armorer
52.6%
Apprentice
51.1%
Mercantile
50.7%
Troll
48.1%
Hand to Hand
47.9%
Scamp
47.9%
Clavicus Vile
47.4%
Ghost
47.3%
Boethia
47.2%
Nocturnal
46.3%
Shadow
45.9%
Dibella
45.5%
Julianos
44.4%
Stendarr
44.3%
Kynareth
43.9%
% Correct
Hircine
41.5%
Malacath
41.3%
Sanguine
41.2%
Daedroth
40.7%
Zenithar
40%
Meridia
39.8%
Arkay
39.5%
Ogre
39.5%
Minotaur
39.1%
Hermaeus Mora
38.6%
Lich
38.4%
Peryite
37.9%
Namira
37.6%
Wraith
37.5%
Clannfear
35.9%
Mephala
35.3%
Vaermina
34.9%
Flame Atronach
34.4%
Storm Atronach
33.5%
Frost Atronach
33.4%
Headless Zombie
32.9%
Spider Daedra
31.5%
Ritual
30.9%
Jyggalag
30.6%
Skeleton Champion
27.9%
Xivilai
24.2%
Skeleton Hero
23.2%
Dread Zombie
22.8%
Stunted Scamp
22.1%
Land Dreugh
20.6%
Spriggan
19.6%
Clannfear Runt
18.5%
Nether Lich
17.8%
Gloom Wraith
17.4%
Minotaur Lord
16.9%
Will-o-the-wisp
16.9%
Faded Wraith
16.2%
Ancient Ghost
13.5%
Quiz Playlist
Details
Report
Send in Message
Add To Playlist
Classic:
Type in answers that appear in a list
Last Updated: Feb 16, 2017
Quiz Scoreboard
CHALLENGE
Sign Up to Join the Scoreboard
Show All
Scores
Hide
Comments
May contain spoilers
Recently Published
1-10 Letter E Words III
by El_Dandy
Language
2m
Street Fighter Characters
by Artimus82
Gaming
60s
College Basketball Coaching Resumes
by pancakes188
Sports
9m
More to Explore
Quiz From the Vault
Featured Blog Post
Where Did the Easter Bunny Come From?
hide this ad
You Might Also Like...
Tags
Elder
Elder Scrolls
Oblivion
scroll
ultimate
Today's Top Quizzes in Gaming
Browse Gaming
hide this ad
Today's Top Quizzes in scroll
Browse scroll
Top Contributed Quizzes in Gaming
1
5-to-1: Consoles
2
7-to-1: Board Game Piece Blitz
3
5-to-1: Legend of Zelda
4
League of Legends Pro Players by Career/Team History
5
Destiny 2 exotic weapons by perk icons
6
Ultimate Genshin Impact Logic Puzzle (up to 4.3)
7
Franchise by Action Figure
8
Who's on the WWE 2K24 Cover?
9
Genshin Impact Logic Puzzle Quiz
10
Order the Pokémon Regions
Explore More
Trending Topics
Crossword
NBA
Kpop
Harry Potter
Anime
Disney
Marvel
Soccer
Pokémon
Country
Song
Puzzle
WWE
NFL
The Office
hide this ad
More By:
MattHazard
Quiz
Plays
Rating
Category
Featured
Created
Ultimate Elder Scrolls Oblivion Quiz
7,173
4.57
Gaming
Oct 25, 2009
Its Always Sunny in Philadelphia A-Z
2,582
4.10
Television
Aug 25, 2010
WWF No Mercy Characters
1,966
3.67
Gaming
Sep 24, 2009
Figure Out the Lyrics (XMC)
1,827
3.80
Music
May 17, 2010
VH1's 40 Greatest Metal Songs
1,068
2.80
Music
Sep 24, 2009
Go to Creator's Profile
Score Distribution
Quiz Creator Spotlight
MattHazard
Follow
Send a Message
Quizzes Created
-
Created Quiz Play Count
-
More By This Creator
Popular Quizzes Today
1
Find the US States - No Outlines Minefield
2
Find the Countries of Europe - No Outlines Minefield
3
The Countries of the World
4
Find the US States
5
Risky Map Clicking: Biggest States A-Z
6
US States
7
Popular People in 1961
8
Movies - When Are They Set?
More Gaming Quizzes
Overwatch: Widowmaker Skins (Quick Pick)
Quiz Lab
Trending Quizzes
Risky Map Clicking: Least Populous States A-Z
Billboard Blitz: Aretha Franklin
Famous Russians: Author or Composer?
Countries of the World: 200 Million BC
1-10 Letter G Words
Recently Updated
Leaping Animals
pecheneg
Reality TV Shows (A-Z)
bhenderson79
Rickey Henderson's Hall of Fame Teammates
pecheneg
Champions League XIs: Arsenal
pecheneg
Quick Pick: Celebrities in WWE's Hall of Fame
aduchscher
A-Z Keypad Blitz II
pecheneg
Multiple Oscar Actors
pecheneg
Mystery Phrase Blitz: Oscar 'Best Actors'
pecheneg
F. Scott Fitzgerald Novels
LTH
Pick 3 Villains
ddd62291
Trending Topics
Anime
NBA
Harry Potter
Disney
Kpop
Crossword
Marvel
Pokémon
NFL
WWE
Country
Song
Puzzle
Soccer
The Office
Your Account Isn't Verified!
In order to create a playlist on Sporcle, you need to verify the email address you used during registration. Go to your
Sporcle Settings
to finish the process.
Report this User
Report this user for behavior that violates our
Community Guidelines
.
Details:
Send Report
Go to the Sporcle.com Mobile Site →
Comments